Érase una vez el cuerpo / (Registro nro. 13524)

Detalles MARC
000 -LIDER
fixed length control field 01021nam a2200301 a 4500
001 - NÚMERO DE CONTROL
Identificador de número de control
003 - IDENTIFICACDOR DE NÚMERO DE CONTROL
control field DO-SdBNP
005 - DATE AND TIME OF LATEST TRANSACTION
control field 20210524132046.0
008 - ELEMENTOS DE LONGITUD FIJA
fixed length control field 181001s2020 dr 000 p spa d
020 ## - ISBN
International Standard Book Number 9789945503678
040 ## - FUENTE DE CATALOGACIÓN
Agencia que crea de manera original el registro BPMSU
Idioma de catalogación spa
Agencia que realiza la transcripción BPMSU
082 ## - NÚMERO DE CLASIFICACIÓN DECIMAL DE DEWEY
Classification number RD861.5
Item number B468e 2020
Edition number 22
100 1# - ASIENTO PRINCIPAL -- NOMBRE PERSONAL
Nombre personal Benjamin, Rossalinna
Fechas asociadas con el nombre 1979 -
245 10 - MENCIÓN DE TITULO
Título Érase una vez el cuerpo /
Mención de responsabilidad Rossalinna Benjamin
260 ## - PUBLICACIÓN, DISTRIBUCIÓN, ETC. (PIE DE IMPRENTA)
Lugar de publicación, distribución, etc Santo Domingo :
Nombre del editor, distribuidor, etc. Editora Nacional;
-- Ministerio de Cultura,
Fecha de publicación, distribución, etc 2020
300 ## - DESCRIPCIÓN FÍSICA
Extensión 96 p. ;
Dimensiones 21 cm.
490 0# - MENCIÓN DE SERIES
Mención de serie Poesía
500 ## - NOTA GENERAL
Nota general Incluye datos biográficos del autora en la solapa de la cubierta
586 ## - AWARDS NOTE
Awards note Premio Letras de Ultramar de Poesía, 2018
590 ## - NOTA LOCAL
Texto de la nota local Inventariado, 2021/VM
650 #4 - ENCABEZAMIENTO DE MATERIA--TEMÁTICO
Término temático o nombre geográfico como elemento de entrada Certámenes literario
Subdivisión geográfica República Dominicana
650 #4 - ENCABEZAMIENTO DE MATERIA--TEMÁTICO
Término temático o nombre geográfico como elemento de entrada Poesía dominicana
650 #4 - ENCABEZAMIENTO DE MATERIA--TEMÁTICO
Término temático o nombre geográfico como elemento de entrada Literatura dominicana.
710 2# - ASIENTO SECUNDARIO -- NOMBRE CORPORATIVO
Nombre corporativo o de jurisdicción Ministerio de Cultura (República Dominicana)
711 2# - ASIENTO SECUNDARIO -- NOMBRE DE REUNIÓN
Nombre de reunión o jurisdicción como elemento de entrada Premio Letras de Ultramar de Poesía
Fecha de la reunión o acuerdo (2018 :
Lugar de la reunión Santo Domingo)
910 ## - VALIDACIÓN
Validación VMateo
942 ## - ADDED ENTRY ELEMENTS (KOHA)
Source of classification or shelving scheme Dewey Decimal Classification
Koha item type Libros
Existencias
Withdrawn status Lost status Source of classification or shelving scheme Damaged status Not for loan Collection code Home library Current library Date acquired Source of acquisition Full call number Barcode Date last seen Price effective from Koha item type Total Checkouts Copy number
    Dewey Decimal Classification     Colección Dominicana Biblioteca Pública Metropolitana Salomé Ureña Biblioteca Pública Metropolitana Salomé Ureña 05/24/2021 Editora Nacional BPMSU CD RD861.5 B468e 2020 BPMSU21050145 05/24/2021 05/24/2021 Libros    
    Dewey Decimal Classification     Colección Dominicana Biblioteca Pública Metropolitana Salomé Ureña Biblioteca Pública Metropolitana Salomé Ureña 05/24/2021 Editora Nacional BPMSU CD RD861.5 B468e 2020 BPMSU21050146 05/24/2021 05/24/2021 Libros   e.2
    Dewey Decimal Classification     Colección Dominicana Biblioteca Pública Metropolitana Salomé Ureña Biblioteca Pública Metropolitana Salomé Ureña 05/24/2021 Editora Nacional BPMSU CD RD861.5 B468e 2020 BPMSU21050147 05/24/2021 05/24/2021 Libros   e.3